Engineering Materials and Metallurgy / (Record no. 165254)

MARC details
000 -LEADER
fixed length control field 00630nam a22001937a 4500
005 - DATE AND TIME OF LATEST TRANSACTION
control field 20190612145754.0
010 ## - LCCN (DPL NO)
LC control number ENG-125545
020 ## - INTERNATIONAL STANDARD BOOK NUMBER
Terms of availability 300.00
035 ## - SYSTEM CONTROL NUMBER
System control number EN-109077
037 ## - SOURCE OF ACQUISITION
Source of stock number/acquisition DBAD/PUB
082 ## - DEWEY DECIMAL CLASSIFICATION NUMBER
Classification number 620.11
100 ## - MAIN ENTRY--PERSONAL NAME
Personal name Srinivasan, R
245 ## - TITLE STATEMENT
Title Engineering Materials and Metallurgy /
Statement of responsibility, etc by R Srinivasan
260 ## - PUBLICATION, DISTRIBUTION, ETC. (IMPRINT)
Place of publication, distribution, etc Chennai
Name of publisher, distributor, etc Vijay Nicole Imprint
270 ## - ADDRESS
Address No.936, second floor, jayadurga Complex, bazar Road, Ram Nagar
City Chennai
Electronic mail address vni@vijaydurganicole.co.in
300 ## - PHYSICAL DESCRIPTION
Extent xxii,238p.
Dimensions 21cm(pbk)
500 ## - GENERAL NOTE
General note include bibliography reference and index
942 ## - ADDED ENTRY ELEMENTS (KOHA)
Source of classification or shelving scheme Dewey Decimal Classification
Item type English Books
Classification part 620.11
Call number suffix SRI
Holdings
Withdrawn status Lost status Not for loan Collection code Home library Current library Date acquired Source of acquisition Cost, normal purchase price Full call number Barcode Copy number Cost, replacement price Koha item type
      Non-fiction Shahdara Branch Shahdara Branch 12/06/2019 DBAD/PUB 300.00 620.11 SRI EN-109077 1 300.00 English Books

© Delhi Public Library
Hit Counter
free hit counter